000
00293nam a22001337a 4500
008
170426b xxu||||| |||| 00| 0 eng d
020
_a
9781439043998
041
_a
eng
080
_2
9 ED
_a
54
100
_a
12
101
_a
SHM
245
_a
GENERAL CHEMISTRY
_c
EBBING.D
942
_2
udc
_c
BK
999
_c
12215
_d
12215